Le problème de la mort (Record no. 152533)

MARC details
000 -LEADER
campo de control de longitud fija 00618nam a22001815i 4500
001 - NÚMERO DE CONTROL
campo de control 152533
003 - IDENTIFICADOR DE NÚMERO DE CONTROL
campo de control ES-MaACL
005 - FECHA Y HORA DE LA ÚLTIMA TRANSACCIÓN
campo de control 20230906204802.0
008 - DATOS DE LONGITUD FIJA--INFORMACIÓN GENERAL
campo de control de longitud fija 981002s1900 fr |||| | fre d
040 ## - FUENTE DE CATALOGACIÓN
Centro catalogador/agencia de origen GA
Lengua de catalogación spa
Centro/agencia transcriptor CCPB | 3D
100 1# - ENTRADA PRINCIPAL--NOMBRE DE PERSONA
Nombre de persona Bourdeau, Louis.
9 (RLIN) 30956
245 13 - MENCIÓN DEL TÍTULO
Título Le problème de la mort
Resto del título : ses solutions imaginaires et la science positive /
Mención de responsabilidad, etc. par Louis Bourdeau.
250 ## - MENCION DE EDICION
Mención de edición 3ème éd. rev. et augm.
260 ## - PUBLICACIÓN, DISTRIBUCIÓN, ETC.
Lugar de publicación, distribución, etc. Paris :
Nombre del editor, distribuidor, etc. Félix Alcan,
Fecha de publicación, distribución, etc. 1900 (
Lugar de fabricación/manufactura Tours :
Fabricante Imp. E. Arrault et Cie.)
300 ## - DESCRIPCIÓN FÍSICA
Extensión 358 p. ;
Dimensiones 23 cm.
752 ## - ENTRADA AGREGADA--NOMBRE JERÁRQUICO DEL LUGAR
País o entidad superior Francia -
Ciudad , París
852 ## - LOCALIZACIÓN
Ubicación ES-MaACL
Número de control de estantería B-6218
Nota libre -- Enc. hol.
Holdings
Estatus retirado Estado de pérdida Estado de daño No para préstamo Colección Biblioteca de origen Biblioteca actual Ubicación en estantería Fecha de adquisición Fuente de adquisición Total de préstamos Signatura topográfica completa Código de barras Visto por última vez Precio de reemplazo Tipo de ítem Koha
        Libros del s. XIX Biblioteca del Ateneo de Madrid Biblioteca del Ateneo de Madrid Sala Pardo Bazán 17/01/2008     B-6218 1159279 23/02/2023 23/02/2023 Libro impreso antiguo